On This Day: January 1st II Quiz Stats

 Plays Quiz Updated Feb 26, 2019

Score 0/7 Timer 03:00
0 Plays Today
Question Answer Wrong Answers
This American silversmith, known for his midnight ride to alert the colonial militia in April 1775, is born in Boston.
1735
Paul Revere
90.7%
Benedict Arnold
4.7%
Ethan Allen
1.5%
Elijah Clarke
3.1%
The ____________, the largest international economic organization in the world, officially commences under the Marrakesh Agreement.
1995
World Trade Organization
68.7%
NAFTA
8.5%
INBAR
3.1%
World Bank
18.6%
This nation is officially split into two independent republics.
1993
Czechoslovakia
68.3%
Yugoslavia
12.9%
Sudan
5.2%
Austria-Hungary
12.9%
Romania and this country, its neighbor to the south, both join the European Union.
2007
Bulgaria
67.3%
Moldova
8.6%
North Macedonia
7.3%
Slovenia
15%
This nation on the island of Borneo becomes independent of the United Kingdom.
1984
Brunei
54.4%
Singapore
13.2%
Timor Leste
14.7%
Fiji
17.3%
Pervez Musharraf wins a confidence vote in this country's electoral college, allowing his term as President to continue until 2007.
2004
Pakistan
50.3%
Egypt
28%
Afghanistan
12.7%
Kuwait
7.4%
The _______ Economic Union comes into effect, creating an economic & political association between Armenia, Belarus, Kazakhstan, Kyrgyzstan, and Russia.
2015
Eurasian
39.9%
Baltic
17.9%
Balkan
24.3%
Soviet
15.9%

You're not logged in!

Compare scores with friends on all Sporcle quizzes.
OR
Log In

Sporcle TV

Today on Sporcle TV


Watch our educational content, quiz creation guides, and fun videos on Sporcle TV.

Show Comments

Extras

Top Quizzes Today


Score Distribution

Your Account Isn't Verified!

In order to create a playlist on Sporcle, you need to verify the email address you used during registration. Go to your Sporcle Settings to finish the process.

Report this User

Report this user for behavior that violates our Community Guidelines.

Details: